00479nam a22001577a 4500003000400000082001900004100001700023245004100040260004400081300000700125650002700132653002700159942001200186952010600198999001700304SGT a617.6342bP21J aJain, Shipra aPeriapical healing after surgical... aGurugram, HaryanabSGT Universityc2021 a80 aConservative Dentistry aConservative Dentistry 2ddccTH 00102ddc405171aFDbFDd2022-12-22l0o617.6342 P21JpDT1410r2022-12-22 00:00:00w2022-12-22yTH c23631d23631